[Event "HUN-chT2 Erkel 0607"]
[Site "Hungary"]
[Date "2007.04.15"]
[Round "8"]
[White "Szegedi, Peter"]
[Black "Bauer, Peter2222"]
[Result "1/2-1/2"]
[WhiteElo "2241"]
[BlackElo "2163"]
[PlyCount "21"]
[EventDate "2006.11.12"]
[EventType "team"]
[EventRounds "11"]
[EventCountry "HUN"]
[SourceTitle "EXT 2008"]
[Source "ChessBase"]
[SourceDate "2007.11.25"]
[SourceVersion "1"]
[SourceVersionDate "2007.11.25"]
[SourceQuality "1"]
[WhiteTeam "Ujszasz"]
[BlackTeam "Vaci"]
[WhiteTeamCountry "HUN"]
[BlackTeamCountry "HUN"]

1. c3 d5 2. d4 Nf6 3. Bf4 c6 4. e3 Bf5 5. Bd3 Bxd3 6. Qxd3 Nbd7 7. Nd2 Nh5 8. Bg5 h6 9. Bh4 e5 10. Bg3 Nxg3 11. hxg3 1/2-1/2

[Event "HUN-chT2 Erkel 0607"]
[Site "Hungary"]
[Date "2006.12.17"]
[Round "4"]
[White "Szegedi, Peter"]
[Black "Istvanovszky, Kalman"]
[Result "0-1"]
[WhiteElo "2241"]
[BlackElo "2228"]
[PlyCount "61"]
[EventDate "2006.11.12"]
[EventType "team"]
[EventRounds "11"]
[EventCountry "HUN"]
[SourceTitle "EXT 2008"]
[Source "ChessBase"]
[SourceDate "2007.11.25"]
[SourceVersion "1"]
[SourceVersionDate "2007.11.25"]
[SourceQuality "1"]
[WhiteTeam "Ujszasz"]
[BlackTeam "Vasarteri"]
[WhiteTeamCountry "HUN"]
[BlackTeamCountry "HUN"]

1. Nf3 Nf6 2. d4 c5 3. c4 g6 4. Nc3 Bg7 5. g3 0-0 6. Bg2 Nc6 7. d5 Na5 8. Qd3 d6 9. e4 a6 10. Rb1 b5 11. b3 b4 12. Ne2 Nxe4 13. Qxe4 Bf5 14. Qh4 Bxb1 15. Ng5 h6 16. Ne4 e5 17. Bg5 hxg5 18. Nxg5 Re8 19. f4 exf4 20. 0-0 Rxe2 21. Rxf4 Bf5 22. g4 Qf6 23. gxf5 Qb2 24. fxg6 Rxg2+ 25. Kh1 Rxh2+ 26. Qxh2 Qxh2+ 27. Kxh2 Be5 28. gxf7+ Kf8 29. Kg3 Ke7 30. Kg4 Bxf4 31. Kxf4 0-1

[Event "HUN-chT2 Erkel 0607"]
[Site "Hungary"]
[Date "2006.11.26"]
[Round "2"]
[White "Szegedi, Peter"]
[Black "Papista, Akos"]
[Result "1/2-1/2"]
[WhiteElo "2241"]
[BlackElo "2161"]
[PlyCount "49"]
[EventDate "2006.11.12"]
[EventType "team"]
[EventRounds "11"]
[EventCountry "HUN"]
[SourceTitle "EXT 2008"]
[Source "ChessBase"]
[SourceDate "2007.11.25"]
[SourceVersion "1"]
[SourceVersionDate "2007.11.25"]
[SourceQuality "1"]
[WhiteTeam "Ujszasz"]
[BlackTeam "Keviterv"]
[WhiteTeamCountry "HUN"]
[BlackTeamCountry "HUN"]

1. Nf3 d5 2. c4 e6 3. d4 dxc4 4. e4 b5 5. a4 Bb7 6. axb5 Bxe4 7. Bxc4 Nf6 8. 0-0 Nbd7 9. Nc3 Bb7 10. Re1 Nb6 11. Bb3 Bb4 12. Bg5 h6 13. Bh4 0-0 14. Ne5 Be7 15. Qd3 Nfd5 16. Bc2 f5 17. Bxe7 Nxe7 18. Bb3 Rf6 19. Nc6 Bxc6 20. bxc6 Nxc6 21. Rxe6 Kh8 22. Rxf6 Qxf6 23. d5 Ne5 24. Qe2 c6 25. dxc6 1/2-1/2

[Event "HUN-chT2 Erkel 0506"]
[Site "Hungary"]
[Date "2006.04.23"]
[Round "11"]
[White "Szegedi, Peter"]
[Black "Czegledi, Laszlo"]
[Result "1/2-1/2"]
[WhiteElo "2262"]
[BlackElo "2179"]
[PlyCount "21"]
[EventDate "2005.10.16"]
[EventType "team"]
[EventRounds "11"]
[EventCountry "HUN"]
[SourceTitle "EXT 2009"]
[Source "ChessBase"]
[SourceDate "2008.11.26"]
[SourceVersion "1"]
[SourceVersionDate "2008.11.26"]
[SourceQuality "1"]
[WhiteTeam "Ujszasz"]
[BlackTeam "Szekuritas"]
[WhiteTeamCountry "HUN"]
[BlackTeamCountry "HUN"]

1. Nf3 d5 2. c4 e6 3. d4 c6 4. Nc3 dxc4 5. e4 b5 6. Be2 Bb7 7. 0-0 Be7 8. e5 a6 9. Qc2 Nd7 10. Ne4 c5 11. Rd1 1/2-1/2

[Event "HUN-chT2 Erkel 0506"]
[Site "Hungary"]
[Date "2005.12.04"]
[Round "5"]
[White "Mullner, Imre"]
[Black "Szegedi, Peter"]
[Result "0-1"]
[WhiteElo "2249"]
[BlackElo "2262"]
[PlyCount "60"]
[EventDate "2005.10.16"]
[EventType "team"]
[EventRounds "11"]
[EventCountry "HUN"]
[SourceTitle "EXT 2009"]
[Source "ChessBase"]
[SourceDate "2008.11.26"]
[SourceVersion "1"]
[SourceVersionDate "2008.11.26"]
[SourceQuality "1"]
[WhiteTeam "Stat PSC II"]
[BlackTeam "Ujszasz"]
[WhiteTeamCountry "HUN"]
[BlackTeamCountry "HUN"]

1. e4 d6 2. d4 Nf6 3. Nc3 g6 4. Be3 Bg7 5. f3 c6 6. Qd2 0-0 7. Nge2 b5 8. Ng3 Nbd7 9. Be2 Re8 10. 0-0 Bb7 11. a4 a6 12. axb5 axb5 13. Rxa8 Qxa8 14. Rd1 Qa5 15. Qe1 Ra8 16. f4 b4 17. Nb1 c5 18. d5 Qa2 19. c3 Qxb2 20. Rd2 Qb3 21. Qc1 bxc3 22. Nxc3 Nxd5 23. Rb2 Qxc3 24. Qxc3 Bxc3 25. Rxb7 Nxe3 26. Rxd7 Bd4 27. Kf2 Ng4+ 28. Ke1 Bc3+ 29. Kd1 Ne3+ 30. Kc1 Ra1# 0-1

[Event "Nyiregyhaza op"]
[Site "Nyiregyhaza"]
[Date "2005.07.10"]
[Round "2"]
[White "Halmi, Bence"]
[Black "Szegedi, Peter"]
[Result "1/2-1/2"]
[WhiteElo "1875"]
[BlackElo "2262"]
[PlyCount "47"]
[EventDate "2005.07.09"]
[EventType "swiss"]
[EventRounds "9"]
[EventCountry "HUN"]
[SourceTitle "EXT 2008"]
[Source "ChessBase"]
[SourceDate "2007.11.25"]
[SourceVersion "1"]
[SourceVersionDate "2007.11.25"]
[SourceQuality "1"]

1. e4 g6 2. d4 Bg7 3. Nf3 d6 4. h3 Nf6 5. Nc3 0-0 6. Be2 c6 7. 0-0 b5 8. e5 Ne8 9. Bf4 b4 10. Ne4 Bf5 11. Bd3 Bxe4 12. Bxe4 d5 13. Bd3 Nc7 14. c3 Ne6 15. Be3 bxc3 16. bxc3 Nd7 17. c4 Nb6 18. c5 Nd7 19. Qa4 Qc7 20. Rab1 f6 21. exf6 Nxf6 22. Ne5 Nxc5 23. dxc5 Qxe5 24. Qxc6 1/2-1/2

[Event "Volan Surjan Cup"]
[Site "Kaposvar"]
[Date "1986.??.??"]
[Round "?"]
[White "Horvath, Julia"]
[Black "Szegedi, Peter"]
[Result "0-1"]
[WhiteElo "1945"]
[BlackElo "2315"]
[PlyCount "118"]
[EventDate "1986.??.??"]
[EventType "swiss"]
[EventRounds "9"]
[EventCountry "HUN"]
[SourceTitle "EXT 2004"]
[Source "ChessBase"]
[SourceDate "2003.11.25"]
[SourceVersion "1"]
[SourceVersionDate "2003.11.25"]
[SourceQuality "1"]

1. d4 Nf6 2. c4 d6 3. Nc3 Nbd7 4. e4 e5 5. Nf3 c6 6. Be2 Be7 7. 0-0 0-0 8. Qc2 Re8 9. d5 Qc7 10. Bd2 Nf8 11. Rac1 Ng6 12. Ne1 Bg4 13. Bxg4 Nxg4 14. Nd3 Rac8 15. Qd1 Qd7 16. f3 Nf6 17. Be3 c5 18. Ne2 h6 19. b4 b6 20. Qb3 Nh7 21. a4 Bg5 22. Bxg5 Nxg5 23. bxc5 bxc5 24. Qb5 Qc7 25. Rb1 f5 26. exf5 Nh4 27. Ng3 Nhxf3+ 28. gxf3 Nxf3+ 29. Kg2 Nd2 30. Qb7 Qd8 31. f6 gxf6 32. Nh5 Re7 33. Nxf6+ Kg7 34. Qb2 Nxf1 35. Rxf1 Rf7 36. Nh5+ Kg6 37. Rxf7 Kxf7 38. Qf2+ Kg6 39. Ng3 Qf6 40. Qc2 Kf7 41. Nf2 Rg8 42. Qb1 Kg7 43. Nfe4 Qg6 44. Qb7+ Kh8 45. Kh3 Qg4+ 46. Kg2 Qxe4+ 47. Kg1 Qe1+ 48. Kg2 Qe2+ 49. Kg1 Qxc4 50. Qf7 Qf4 51. Qxa7 e4 52. Qa6 e3 53. Qe2 Qf2+ 54. Qxf2 exf2+ 55. Kxf2 Ra8 56. Ne4 Rxa4 57. Nxd6 Rd4 58. Ke3 Rxd5 59. Nb7 c4 0-1

[Event "Volan Surjan Cup"]
[Site "Kaposvar"]
[Date "1986.??.??"]
[Round "?"]
[White "Szegedi, Peter"]
[Black "Kadar, Gabor"]
[Result "1-0"]
[WhiteElo "2315"]
[BlackElo "2280"]
[PlyCount "81"]
[EventDate "1986.??.??"]
[EventType "swiss"]
[EventRounds "9"]
[EventCountry "HUN"]
[SourceTitle "EXT 2004"]
[Source "ChessBase"]
[SourceDate "2003.11.25"]
[SourceVersion "1"]
[SourceVersionDate "2003.11.25"]
[SourceQuality "1"]

1. d4 Nf6 2. c4 e6 3. Nf3 d5 4. Nc3 c6 5. e3 Be7 6. Bd3 dxc4 7. Bxc4 b5 8. Bd3 a6 9. 0-0 Nbd7 10. e4 b4 11. Na4 c5 12. Bf4 Bb7 13. e5 Nd5 14. Bg3 Rc8 15. Rc1 g5 16. Nxc5 Nxc5 17. dxc5 h5 18. h3 Qa5 19. Nd2 Bxc5 20. Nc4 Qd8 21. Qa4+ Kf8 22. Nd6 Bxd6 23. exd6 Kg7 24. Bc4 h4 25. Bh2 Bc6 26. Qxa6 Qd7 27. Bxd5 Bxd5 28. Rc7 Rxc7 29. dxc7 Ra8 30. Qb6 b3 31. axb3 Bc6 32. Rc1 Qd5 33. Be5+ Qxe5 34. Qxc6 Rc8 35. b4 Qxb2 36. Qc3+ Qxc3 37. Rxc3 Kf6 38. b5 Ke7 39. b6 Kd7 40. b7 Rxc7 41. Rd3+ 1-0